[Event "IECG TE.2005.F.01800 email"]
[Site "IECG email"]
[Date "2008.01.13"]
[Round "?"]
[White "Degterev, Pavel"]
[Black "Raats, Tom"]
[Result "1-0"]
[WhiteElo "2176"]
[BlackElo "1700"]
[PlyCount "73"]
[EventDate "2008.01.15"]
[EventType "tourn (corr)"]
[EventRounds "14"]
[SourceTitle "Corr 2024"]
[Source "ChessBase"]
[SourceDate "2023.10.19"]
[SourceVersion "1"]
[SourceVersionDate "2023.10.19"]
[SourceQuality "1"]

1. d4 Nf6 2. c4 c5 3. d5 b5 4. Nf3 Bb7 5. a4 Qa5+ 6. Bd2 b4 7. Qc2 d6 8. e4 Nbd7 9. Be2 h6 10. 0-0 e5 11. h3 Nh7 12. Be3 Be7 13. Nbd2 Qc7 14. Rfe1 Ng5 15. Nh2 Nh7 16. a5 Bc8 17. Qa4 Bg5 18. Bxg5 Nxg5 19. Ng4 0-0 20. h4 Nh7 21. Ne3 Nb8 22. Ndf1 Qd8 23. h5 Qh4 24. Ng3 g6 25. Rf1 Nf6 26. Bf3 Bd7 27. Qd1 Na6 28. b3 Nc7 29. Re1 Nce8 30. Qe2 Rd8 31. hxg6 fxg6 32. Ngf1 Kg7 33. g3 Qg5 34. Nd2 Bc8 35. Qd3 Kh7 36. Be2 Nh5 37. Nf3 1-0

[Event "IECG TE.2005.S.01803"]
[Site "IECG email"]
[Date "2006.05.05"]
[Round "?"]
[White "Raats, Tom"]
[Black "Pessoa, Francisco Azevedo"]
[Result "1/2-1/2"]
[WhiteElo "1700"]
[BlackElo "2412"]
[PlyCount "68"]
[EventDate "2006.05.05"]
[EventType "tourn (corr)"]
[EventRounds "2"]
[SourceTitle "Corr 2008"]
[Source "ChessBase"]
[SourceDate "2008.06.24"]
[SourceVersion "1"]
[SourceVersionDate "2008.06.24"]
[SourceQuality "1"]

1. d4 Nf6 2. c4 c5 3. d5 b5 4. Nf3 Bb7 5. e4 Nxe4 6. Bd3 Nd6 7. cxb5 a6 8. Bf4 e6 9. Nc3 axb5 10. 0-0 b4 11. Ne4 Qb6 12. dxe6 dxe6 13. Nfd2 Nxe4 14. Bxe4 Bxe4 15. Nxe4 Nc6 16. Re1 Nd4 17. Be5 Nc6 18. Qh5 Nxe5 19. Qxe5 Ra7 20. b3 Qc7 21. Qb2 e5 22. Rac1 Ra5 23. Qe2 Be7 24. a3 bxa3 25. b4 Ra8 26. Nxc5 0-0 27. Ne6 Qa7 28. Nxf8 Bxb4 29. Red1 Bxf8 30. Qxe5 g6 31. Rc7 Qb8 32. Qd5 Qxc7 33. Qxa8 Qc2 34. Qd5 Bc5 1/2-1/2

[Event "IECG TE.2005.S.01803"]
[Site "IECG email"]
[Date "2006.05.05"]
[Round "?"]
[White "Raats, Tom"]
[Black "Vyzharov, Ivan"]
[Result "1-0"]
[WhiteElo "1700"]
[BlackElo "2122"]
[PlyCount "67"]
[EventDate "2006.05.05"]
[EventType "tourn (corr)"]
[EventRounds "2"]
[SourceTitle "Corr 2008"]
[Source "ChessBase"]
[SourceDate "2008.06.24"]
[SourceVersion "1"]
[SourceVersionDate "2008.06.24"]
[SourceQuality "1"]

1. d4 Nf6 2. c4 c5 3. d5 b5 4. Nf3 b4 5. a3 Na6 6. Bg5 Qb6 7. axb4 Qxb4+ 8. Bd2 Qxb2 9. Nc3 Qb8 10. e4 Nb4 11. e5 Ng4 12. Be2 Nxe5 13. Nxe5 Qxe5 14. 0-0 Qb8 15. Ne4 a6 16. Bh5 g6 17. Bc3 Rg8 18. Nf6+ exf6 19. Bxf6 Be7 20. Re1 Qd6 21. Qf3 Ra7 22. Bxe7 Qxe7 23. Rxe7+ Kxe7 24. Qe3+ Kf6 25. Qxc5 Rb7 26. Qd4+ Kg5 27. Bd1 h5 28. Ra4 a5 29. Qd2+ Kf6 30. Rxa5 Kg7 31. Rb5 Nxd5 32. Qxd5 Re8 33. f4 Rc7 34. f5 1-0

[Event "IECG TE.2005.P.01820 email"]
[Site "IECG email"]
[Date "2005.03.24"]
[Round "?"]
[White "Parra, Christian"]
[Black "Raats, Tom"]
[Result "0-1"]
[WhiteElo "1804"]
[BlackElo "1700"]
[PlyCount "40"]
[EventDate "2005.03.24"]
[EventType "tourn (corr)"]
[EventRounds "8"]
[SourceTitle "Corr 2024"]
[Source "ChessBase"]
[SourceDate "2023.10.19"]
[SourceVersion "1"]
[SourceVersionDate "2023.10.19"]
[SourceQuality "1"]

1. d4 Nf6 2. c4 c5 3. d5 b5 4. Nf3 Qa5+ 5. Bd2 b4 6. e4 Nxe4 7. Na3 Nxd2 8. Qxd2 g6 9. Be2 Bg7 10. 0-0 Qd8 11. Nb1 0-0 12. a3 Na6 13. Re1 e6 14. axb4 cxb4 15. Ng5 Rb8 16. Ra2 Qb6 17. Bg4 Nc5 18. Re3 Bh6 19. Nxh7 Bxe3 20. Qxe3 Kxh7 0-1